| 000 | 01723nam a2200241Ia 4500 | ||
|---|---|---|---|
| 000 | 02363naaa 00361uu | ||
| 001 | https://directory.doabooks.org/handle/20.500.12854/70090 | ||
| 005 | 20260218105759.0 | ||
| 008 | 211013s9999 xx 000 0 und d | ||
| 020 | _a9789523690288 | ||
| 024 | _a10.33134/HUP-7 | ||
| 042 | _adc | ||
| 245 | 0 | _aKant's Transcendental Deduction of the Categories : Critical Re-Examination, Elucidation and Corroboration | |
| 260 |
_aHelsinki _bHelsinki University Press _c2021 |
||
| 300 | _a1 electronic resource (118 p.) | ||
| 520 | _aImmanuel Kant's 'Transcendental Deduction of the Categories' addresses issues centrally debated today in philosophy and in cognitive sciences, especially in epistemology, and in theory of perception. Kant's insights into these issues are clouded by pervasive misunderstandings of Kant's 'Deduction' and its actual aims, scope, and argument. The present edition with its fresh and accurate translation and concise commentary aims to serve these contemporary debates as well as continuing intensive and extensive scholarship on Kant's Critique of Pure Reason. Two surprising results are that 'Transcendental Deduction' is valid and sound, and it holds independently of Kant's transcendental idealism. This lucid volume is interesting and useful to students, yet sufficiently detailed to be informative to specialists. | ||
| 540 | _aCreative Commons | ||
| 653 | _aCritique of Pure Reason | ||
| 700 | 1 | _aWestphal, Kenneth R. | |
| 856 |
_uhttps://docs.google.com/spreadsheets/d/1yKIrdCPDAG_9c22mwoOIO2DOhtj65Wqa/edit?usp=sharing&ouid=106555315294820607512&rtpof=true&sd=true _yList of Curated E-Books |
||
| 942 | _cE-BOOK | ||
| 999 |
_c48933 _d48933 |
||